Toutes les voies du 5ème arrondissement de Paris sur une carte - Statistiques

Statistiques générales
  • Ce quiz a été pris 26 fois
  • Le résultat moyen est 49 sur 222
Réponses sur la Carte
Les réponses sont colorées sur une échelle allant du rouge au vert en fonction du pourcentage des utilisateurs qui les ont devinées à leur premier essai. Vous pouvez retrouver ces pourcentages ci-dessous.
 
Statistiques - réponses
Nom de la voie % Correct
Place du Panthéon
91%
Boulevard Saint-Michel
87%
Boulevard Saint-Germain
83%
Place Jussieu
83%
Place Saint-Michel
83%
Rue Jussieu
83%
Passage de la Sorbonne
78%
Place de la Sorbonne
78%
Pont Saint-Michel
78%
Quai Saint-Michel
78%
Rue de Cluny
78%
Rue de la Sorbonne
78%
Rue du Val de Grâce
78%
Boulevard de Port Royal
74%
Pont d’Austerlitz
74%
Rue des Ecoles
74%
Rue Monge
74%
Rue Saint-Etienne du Mont
74%
Avenue des Gobelins
70%
Cité d’Austerlitz
70%
Place Monge
70%
Rue des Fossés Saint-Jacques
70%
Rue Saint-Jacques
70%
Place de la Contrescarpe
65%
Rue Mouffetard
65%
Rue Soufflot
65%
Boulevard de l’Hôpital
61%
Place du Petit Pont
61%
Rue Censier
61%
Rue Daubenton
61%
Rue des Fossés Saint-Marcel
61%
Rue du Petit Pont
61%
Boulevard Saint-Marcel
57%
Impasse Maubert
57%
Place Maubert
57%
Cité du Cardinal Lemoine
52%
Pont de Sully
52%
Rue Buffon
52%
Rue de la Montagne Sainte Geneviève
52%
Rue des Arènes
52%
Rue du Cardinal Lemoine
52%
Rue d’Ulm
52%
Rue Gay Lussac
52%
Rue Claude Bernard
48%
Avenue de l’Observatoire
43%
Place Sainte-Geneviève
43%
Rue Clovis
43%
Rue des Feuillantines
43%
Rue des Fossés Saint-Bernard
43%
Rue Pierre et Marie Curie
43%
Rue de l’Abbé de l’Epée
39%
Rue Descartes
39%
Rue des Ursulines
39%
Square de la Mutualité
39%
Port Saint-Bernard
35%
Petit Pont Cardinal Lustiger
30%
Rue Cujas
30%
Rue de la Clef
30%
Rue du Pot de Fer
30%
Rue Pierre Nicole
30%
Rue Poliveau
30%
Quai de la Tournelle
26%
Rue Broca
26%
Rue Cuvier
26%
Rue de l’Ecole Polytechnique
26%
Rue du Chat qui Pêche
26%
Rue Geoffroy Saint Hilaire
26%
Rue Henri Barbusse
26%
Place de l’Estrapade
22%
Place Jacqueline de Romilly
22%
Pont de l’Archevêché
22%
Pont de la Tournelle
22%
Port de la Tournelle
22%
Quai Saint-Bernard
22%
Rue Basse des Carmes
22%
Rue Berthollet
22%
Rue de la Huchette
22%
Rue de l’Estrapade
22%
Rue des Carmes
22%
Rue des Prêtres Saint-Séverin
22%
Rue du Sommerard
22%
Rue Linné
22%
Rue Pascal
22%
Rue Saint-Médard
22%
Rue Tournefort
22%
Place Paul Painlevé
17%
Rue Champollion
17%
Rue de Bièvre
17%
Rue de Pontoise
17%
Rue des Irlandais
17%
Rue Galande
17%
Rue Lacépède
17%
Rue Le Goff
17%
Rue Rataud
17%
Rue Saint-Séverin
17%
Rue Saint-Victor
17%
Rue Victor Cousin
17%
Square Capitan/Square des arènes de Lutèce(Inclut l’allée Théodore Vacquer)
17%
Avenue Georges Bernanos
13%
Impasse Royer Collard
13%
Passage des Postes
13%
Place Alphonse Laveran
13%
Place Marcelin Berthelot
13%
Port de Montebello
13%
Quai de Montebello
13%
Rue Clotilde
13%
Rue de l’Arbalète
13%
Rue des Bernardins
13%
Rue des Boulangers
13%
Rue du Fer à Moulin
13%
Rue Erasme
13%
Rue Fustel de Coulanges
13%
Rue Lagrange
13%
Rue Rollin
13%
Rue Royer Collard
13%
Rue Saint-Julien le Pauvre
13%
Rue Thouin
13%
Rue Valette
13%
Place Valhubert
9%
Rue Clotaire
9%
Rue Dante
9%
Rue de la Harpe
9%
Rue de l’Epée de Bois
9%
Rue de Poissy
9%
Rue de Valence
9%
Rue Jean Calvin
9%
Rue Laplace
9%
Rue Larrey
9%
Rue Nicolas Houël
9%
Rue Vauquelin
9%
Impasse Chartière
4%
Passage des Patriarches
4%
Place Emile Mâle
4%
Place Mohammed V
4%
Pont au Double
4%
Rue Amyot
4%
Rue Blainville
4%
Rue de Bazeilles
4%
Rue d’Ecosse
4%
Rue de la Bûcherie
4%
Rue de l’Essai
4%
Rue de Mirbel
4%
Rue de Quatrefages
4%
Rue des Lyonnais
4%
Rue des Patriarches
4%
Rue du Cimetière Saint-Benoist
4%
Rue du Marché des Patriarches
4%
Rue du Petit Moine
4%
Rue Flatters
4%
Rue Lhomond
4%
Rue Malus
4%
Rue Pierre Brossolette
4%
Rue Scipion
4%
Rue Xavier Privas
4%
Square Paul Langevin
4%
Square Vermenouze
4%
Impasse Bouvart
0%
Impasse des Boeufs
0%
Impasse du Marché aux Chevaux
0%
Impasse Salembrière
0%
Parvis Abdelkader Mesli
0%
Passage du Clos Bruneau
0%
Passage Jaillot
0%
Passage Maurel
0%
Place Alfred Kastler
0%
Place Benjamin Fondane
0%
Place Bernard Halpern
0%
Place Claude Sautet
0%
Place de l'Abbé Basset
0%
Place de l’Emir Abdelkader
0%
Place du Puits de l’Ermite
0%
Place Emmanuel Levinas
0%
Place Georges Moustaki
0%
Place Jacques Duhamel
0%
Place Josette et Maurice Audin
0%
Place Louis Marin
0%
Place Lucien Herr
0%
Place Pierre Lampué
0%
Promenade René Capitant
0%
Rue Boutebrie
0%
Rue Cochin
0%
Rue d’Arras
0%
Rue de Candolle
0%
Rue de la Collégiale
0%
Rue de Lanneau
0%
Rue de la Parcheminerie
0%
Rue de Latran
0%
Rue de l’Hôtel Colbert
0%
Rue de Navarre
0%
Rue des Anglais
0%
Rue des Chantiers
0%
Rue des Grands Degrés
0%
Rue des Trois Portes
0%
Rue Dolomieu
0%
Rue Domat
0%
Rue du Fouarre
0%
Rue du Gril
0%
Rue du Haut Pavé
0%
Rue du Père Teilhard de Chardin
0%
Rue du Puits de l’Ermite
0%
Rue Edouard Quénu
0%
Rue Frédéric Sautron
0%
Rue G5
0%
Rue Georges Desplas
0%
Rue Gracieuse
0%
Rue Guy de la Brosse
0%
Rue Jacques Henri Lartigue
0%
Rue Jean de Beauvais
0%
Rue Lagarde
0%
Rue Laromiguière
0%
Rue Louis Thuillier
0%
Rue Maître Albert
0%
Rue Malebranche
0%
Rue Ortolan
0%
Rue Paillet
0%
Rue Pestalozzi
0%
Rue Santeuil
0%
Rue Thénard
0%
Rue Toullier
0%
Rue Vésale
0%
Square Adanson
0%
Square Lagarde
0%
Aucun quiz correspondant
Distribution des résultats
% des personnes avec chaque résultat
Percentile par nombre de réponses
Votre historique - résultats
Vous n’avez pas pris ce quiz